[Event "PRO League Group Stage"]
[Site "chess.com INT"]
[Date "2019.02.28"]
[Round "8"]
[White "Agrest, Inna"]
[Black "Hauge, Lars Oskar"]
[Result "0-1"]
[WhiteTitle "WIM"]
[BlackTitle "IM"]
[WhiteElo "2275"]
[BlackElo "2466"]
[WhiteTeam "Baden-Baden Snowballs"]
[BlackTeam "Norway Gnomes"]
[WhiteFideId "1708830"]
[BlackFideId "1509276"]
[EventDate "2019.01.08"]

1. e4 c5 2. Nf3 d6 3. d4 cxd4 4. Nxd4 Nf6 5. Nc3 a6 6. Bg5 e6 7. f4 b5 8. e5
dxe5 9. fxe5 Qc7 10. exf6 Qe5+ 11. Qe2 Qxg5 12. Ne4 Qe5 13. O-O-O Bb7 14. Ng3
gxf6 15. Qd2 Qc7 16. Kb1 Nd7 17. Nh5 O-O-O 18. Qe1 f5 19. Nb3 Kb8 20. Na5 Ba8
21. Be2 Bxg2 22. Rg1 Ba8 23. Rg3 Bc5 24. Rb3 Bb6 25. Ra3 Rc8 26. Bd3 Ne5 27. Nf4
Nf3 28. Qc3 Qxf4 0-1

[Event "PRO League Group Stage"]
[Site "chess.com INT"]
[Date "2019.02.28"]
[Round "8"]
[White "Borisek, Jure"]
[Black "Lagarde, Maxime"]
[Result "0-1"]
[WhiteTitle "GM"]
[BlackTitle "GM"]
[WhiteElo "2584"]
[BlackElo "2604"]
[WhiteTeam "Ljubljana Turtles"]
[BlackTeam "Cannes Blitzstreams"]
[WhiteFideId "14603152"]
[BlackFideId "662399"]
[EventDate "2019.01.08"]

1. e4 Nc6 2. Nf3 d6 3. d4 Nf6 4. Nc3 g6 5. Be3 Bg7 6. Qd2 a6 7. d5 Nb8 8. Bh6
O-O 9. h4 Bg4 10. Nh2 Bd7 11. Be2 b5 12. f3 b4 13. Nd1 c5 14. Nf1 Bb5 15. g4
Nbd7 16. Ng3 Ne5 17. Bxg7 Kxg7 18. h5 Bxe2 19. Qxe2 g5 20. Ne3 Kh8 21. O-O-O a5
22. Kb1 a4 23. Ngf5 Qc7 24. Rhf1 c4 25. Nd4 b3 26. Nef5 Rfb8 27. Nc6 bxa2+ 28.
Kxa2 Nxc6 29. dxc6 Qb6 30. Rb1 Qb3+ 31. Ka1 c3 0-1

[Event "PRO League Group Stage"]
[Site "chess.com INT"]
[Date "2019.02.28"]
[Round "8"]
[White "Skoberne, Jure"]
[Black "Cornette, Matthieu"]
[Result "1/2-1/2"]
[WhiteTitle "GM"]
[BlackTitle "GM"]
[WhiteElo "2582"]
[BlackElo "2587"]
[WhiteTeam "Ljubljana Turtles"]
[BlackTeam "Cannes Blitzstreams"]
[WhiteFideId "14604299"]
[BlackFideId "620084"]
[EventDate "2019.01.08"]

1. d4 Nf6 2. Nf3 e6 3. Bf4 d5 4. e3 Bd6 5. Nbd2 c5 6. dxc5 Bxc5 7. Bd3 Nc6 8.
O-O O-O 9. c4 b6 10. a3 Bb7 11. Qe2 h6 12. cxd5 Nxd5 13. Bg3 Bd6 14. Rfd1 Rc8
15. Nc4 Bxg3 16. hxg3 b5 17. Ncd2 a6 18. Rac1 Qb6 19. e4 Nde7 20. Nb3 Rfd8 21.
e5 Na5 1/2-1/2

[Event "PRO League Group Stage"]
[Site "chess.com INT"]
[Date "2019.02.28"]
[Round "8"]
[White "Velten, Paul"]
[Black "Unuk, Laura"]
[Result "1-0"]
[WhiteTitle "GM"]
[BlackTitle "WIM"]
[WhiteElo "2496"]
[BlackElo "2234"]
[WhiteTeam "Cannes Blitzstreams"]
[BlackTeam "Ljubljana Turtles"]
[WhiteFideId "681091"]
[BlackFideId "14609215"]
[EventDate "2019.01.08"]

1. d4 Nf6 2. c4 e6 3. Nf3 d5 4. Nc3 Be7 5. Bf4 O-O 6. a3 a6 7. c5 b5 8. cxb6
cxb6 9. Rc1 Bb7 10. h3 b5 11. e3 Nbd7 12. Bd3 Rc8 13. O-O Nb6 14. Ne5 Nc4 15.
Qe2 Qa5 16. Nxc4 dxc4 17. Bb1 b4 18. axb4 Bxb4 19. Be5 Nd7 20. Bg3 f5 21. f3 Qb6
22. Ba2 a5 23. Bxc4 Rxc4 24. Qxc4 Ba6 25. Qc7 Bxf1 26. Kxf1 Qa6+ 27. Kg1 Qd3 28.
Bf2 Nf6 29. Qc6 Re8 30. Nb5 Re7 31. Nd6 h6 32. Nc4 Nd5 33. Ne5 Qd2 34. Qa8+ Kh7
35. Rc8 Qd1+ 36. Kh2 1-0

[Event "PRO League Group Stage"]
[Site "chess.com INT"]
[Date "2019.02.28"]
[Round "8"]
[White "Bordi, Kevin"]
[Black "Stevanic, David"]
[Result "1-0"]
[BlackTitle "FM"]
[WhiteElo "2288"]
[BlackElo "2304"]
[WhiteTeam "Cannes Blitzstreams"]
[BlackTeam "Ljubljana Turtles"]
[WhiteFideId "621862"]
[BlackFideId "14613921"]
[EventDate "2019.01.08"]

1. d4 Nf6 2. Bg5 d5 3. Bxf6 exf6 4. e3 Bf5 5. Nf3 c6 6. Bd3 Bxd3 7. Qxd3 Nd7 8.
O-O Bd6 9. c4 dxc4 10. Qxc4 O-O 11. Nc3 Re8 12. e4 Rc8 13. a4 Qc7 14. Rad1 a6
15. Rfe1 b5 16. axb5 axb5 17. Qb3 Ra8 18. Rc1 Qa7 19. e5 fxe5 20. Ne4 Bf8 21.
Neg5 Qa2 22. Qc2 g6 23. Qxc6 Re7 24. dxe5 Qa6 25. Qe4 Bh6 26. Qh4 Kg7 27. Nxf7
Rxf7 28. e6 Bxc1 29. Qd4+ Nf6 30. exf7 Bh6 31. g4 Qa7 32. g5 Qxd4 33. gxh6+ Kxh6
34. Nxd4 Kg7 35. Re7 Ra1+ 36. Kg2 Nd5 37. Ne6+ Kh6 38. f8=Q+ Kh5 39. Rxh7+ Kg4
40. h3# 1-0

[Event "PRO League Group Stage"]
[Site "chess.com INT"]
[Date "2019.02.28"]
[Round "8"]
[White "Vachier-Lagrave, Maxime"]
[Black "Forcen Esteban, Daniel"]
[Result "1-0"]
[WhiteTitle "GM"]
[BlackTitle "GM"]
[WhiteElo "2780"]
[BlackElo "2567"]
[WhiteTeam "Marseille Migraines"]
[BlackTeam "Barcelona Raptors"]
[WhiteFideId "623539"]
[BlackFideId "2288230"]
[EventDate "2019.01.08"]

1. e4 e6 2. c4 d5 3. cxd5 exd5 4. exd5 Nf6 5. Bb5+ Nbd7 6. Nc3 a6 7. Be2 Nb6 8.
Nf3 Nbxd5 9. d4 Be7 10. O-O O-O 11. Ne5 Bd6 12. Bf3 c6 13. Bg5 h6 14. Bh4 Be7
15. Qb3 Nb6 16. Rad1 Be6 17. Qc2 Nbd5 18. Rfe1 Re8 19. Bg3 Qc8 20. h3 Rd8 21.
Qe2 Bb4 22. Rc1 Bf5 23. Qc4 a5 24. Bh4 Be6 25. Qe2 Re8 26. Qd2 a4 27. a3 Ba5 28.
Nc4 Bc7 29. Ne5 Qb8 30. Qd3 Qa7 31. Bg3 Rac8 32. Rcd1 Rcd8 33. Bh4 Ra8 34. Bg3
Qa6 35. Qb1 Ba5 36. Rc1 Rac8 37. Red1 Red8 38. Nxa4 Qb5 39. Nc5 Bb6 40. Nxb7 1-0

[Event "PRO League Group Stage"]
[Site "chess.com INT"]
[Date "2019.02.28"]
[Round "8"]
[White "Fressinet, Laurent"]
[Black "Asis Gargatagli, Hipolito"]
[Result "1-0"]
[WhiteTitle "GM"]
[BlackTitle "IM"]
[WhiteElo "2655"]
[BlackElo "2529"]
[WhiteTeam "Marseille Migraines"]
[BlackTeam "Barcelona Raptors"]
[WhiteFideId "608742"]
[BlackFideId "2260735"]
[EventDate "2019.01.08"]

1. e4 c5 2. Nc3 a6 3. Nge2 d6 4. g3 Nf6 5. Bg2 Nc6 6. d4 cxd4 7. Nxd4 Bg4 8.
Nxc6 bxc6 9. Qd3 Bd7 10. f4 g6 11. e5 dxe5 12. fxe5 Ng4 13. e6 fxe6 14. Qe2 Nf6
15. Bf4 Nd5 16. Be5 Rg8 17. O-O-O Qa5 18. Kb1 Ra7 19. Rhf1 Rb7 20. Qf3 Nf6 21.
Bxf6 exf6 22. Qxf6 1-0

[Event "PRO League Group Stage"]
[Site "chess.com INT"]
[Date "2019.02.28"]
[Round "8"]
[White "Diaz Camallonga, Carles"]
[Black "Moussard, Jules"]
[Result "1-0"]
[WhiteTitle "IM"]
[BlackTitle "GM"]
[WhiteElo "2432"]
[BlackElo "2605"]
[WhiteTeam "Barcelona Raptors"]
[BlackTeam "Marseille Migraines"]
[WhiteFideId "22235256"]
[BlackFideId "642908"]
[EventDate "2019.01.08"]

1. e4 d6 2. d4 Nf6 3. Nc3 g6 4. Nf3 Bg7 5. Be2 O-O 6. O-O Nc6 7. h3 e5 8. dxe5
Nxe5 9. Nxe5 dxe5 10. Bc4 c6 11. a4 Qe7 12. Qe2 Nh5 13. b3 Rd8 14. Qf3 Be6 15.
Ba3 Qe8 16. Bxe6 Qxe6 17. Rad1 Nf4 18. Ne2 Nxe2+ 19. Qxe2 h5 20. Qe3 Rd7 21. Rd3
Rxd3 22. Qxd3 Bf6 23. Qe3 Qd7 24. Bb2 Bg7 25. Bc3 a6 26. Kh2 Re8 27. Qe2 Bf8 28.
Rd1 Qe6 29. Qd3 Bc5 30. Qf3 Bd4 31. Be1 b5 32. Qd3 Qf6 33. Kg1 Rd8 34. Qe2 b4
35. Rd3 c5 36. Bd2 Qe6 37. Rf3 f6 38. Kh2 Kg7 39. Rg3 Kf7 40. Bc1 Rc8 41. Qd2
Rg8 42. Rf3 Rh8 43. Qe2 Kg7 44. Rg3 h4 45. Rf3 Rc8 46. Qd2 g5 47. Rf5 c4 48. Qd1
cxb3 49. cxb3 Rc6 50. Bd2 a5 51. Qg4 Qe8 52. g3 hxg3+ 53. Qxg3 Rc2 54. Bxg5 fxg5
55. Qxg5+ Qg6 56. Qe7+ Kh6 57. Qh4+ Kg7 58. Qe7+ Kh6 59. Qf8+ Qg7 60. Rf6+ Kh7
61. Rf7 Rxf2+ 62. Rxf2 Bxf2 63. Qxf2 Qc7 64. Qf3 Qc3 65. Kg3 Qe1+ 66. Kg4 Qg1+
67. Kf5 Qh2 68. Ke6 Qf4 69. Qh5+ Kg7 70. Qxe5+ Qxe5+ 71. Kxe5 1-0

[Event "PRO League Group Stage"]
[Site "chess.com INT"]
[Date "2019.02.28"]
[Round "8"]
[White "Alvarado Diaz, Alejandro"]
[Black "Maurizzi, Marc Andria"]
[Result "1-0"]
[WhiteTitle "IM"]
[BlackTitle "CM"]
[WhiteElo "2388"]
[BlackElo "2028"]
[WhiteTeam "Barcelona Raptors"]
[BlackTeam "Marseille Migraines"]
[WhiteFideId "2276119"]
[BlackFideId "36083534"]
[EventDate "2019.01.08"]

1. g3 e5 2. Bg2 d5 3. c3 Nf6 4. d4 e4 5. Bg5 Be7 6. e3 O-O 7. Ne2 Bf5 8. c4 c6
9. Nbc3 Nbd7 10. cxd5 cxd5 11. Qb3 Nb6 12. Nf4 Be6 13. O-O a5 14. a4 h6 15. Bxf6
Bxf6 16. f3 Nc4 17. Nxe6 fxe6 18. Nxe4 dxe4 19. Qxc4 exf3 20. Qxe6+ Kh8 21. Rxf3
Ra6 22. Qe4 Rb6 23. Qc2 Bg5 24. Rxf8+ Qxf8 25. Re1 Qe7 26. e4 Qb4 27. Qc3 Bd2
28. Qxb4 Rxb4 29. Re2 Rxd4 30. e5 Bg5 31. Bxb7 Rxa4 32. Kg2 Rb4 33. Bd5 Rb5 34.
Bf7 Kh7 35. b3 g6 36. Bc4 Rc5 37. e6 Be7 38. Rf2 Rf5 39. Rd2 Kg7 40. Rd7 Kf6 41.
Ra7 Rc5 42. Kf3 Re5 43. g4 g5 44. Ra8 Rc5 45. Ke4 Re5+ 46. Kd3 Rc5 47. Rh8 Kg7
48. Ra8 Kf6 49. Ra6 Re5 50. Ra7 Rc5 51. Kd4 Rc8 52. Rxa5 Rd8+ 53. Ke3 Rd1 54.
Rf5+ Kg6 55. Rf7 Bc5+ 56. Ke2 Rd4 57. Bd3+ 1-0

[Event "PRO League Group Stage"]
[Site "chess.com INT"]
[Date "2019.02.28"]
[Round "8"]
[White "Klein, David"]
[Black "Huschenbeth, Niclas"]
[Result "0-1"]
[WhiteTitle "GM"]
[BlackTitle "GM"]
[WhiteElo "2492"]
[BlackElo "2585"]
[WhiteTeam "Amsterdam Mosquitoes"]
[BlackTeam "Berlin Bears"]
[WhiteFideId "1003623"]
[BlackFideId "24604747"]
[EventDate "2019.01.08"]

1. Nf3 d5 2. c4 e6 3. e3 Nf6 4. b3 c5 5. Bb2 Nc6 6. cxd5 exd5 7. d4 cxd4 8. Nxd4
Bb4+ 9. Bc3 Bd6 10. Nd2 Bg4 11. Be2 Bxe2 12. Qxe2 O-O 13. O-O Rc8 14. h3 Re8 15.
Rad1 Be5 16. Nxc6 bxc6 17. Bxe5 Rxe5 18. Nf3 Re7 19. Qb2 c5 20. Rc1 Qb6 21. Rc2
Rec7 22. Qe5 Qe6 23. Qb2 a5 24. Rfc1 h6 25. Qa3 Qb6 26. Ne5 Ne4 27. Qb2 Qb5 28.
Nf3 a4 29. Nd4 Qd7 30. Ne2 Rb8 31. Qe5 axb3 32. axb3 Re8 33. Qh5 Rb7 34. Nf4 Nf6
35. Qf3 d4 36. Rxc5 dxe3 37. fxe3 Rxb3 38. R5c3 Qd2 39. Rxb3 Qxc1+ 40. Kh2 Ne4
41. Ne2 Qc8 42. Rd3 g5 43. Rd4 Qc7+ 44. Ng3 f5 45. Rd5 h5 46. Rxf5 h4 47. Kg1
hxg3 48. Qh5 Qc1+ 49. Rf1 Qxe3+ 50. Kh1 Nf2+ 51. Kg1 Nxh3+ 52. Kh1 Qg1+ 53. Rxg1
Nf2# 0-1

[Event "PRO League Group Stage"]
[Site "chess.com INT"]
[Date "2019.02.28"]
[Round "8"]
[White "Admiraal, Miguoel"]
[Black "Braun, Arik"]
[Result "0-1"]
[WhiteTitle "IM"]
[BlackTitle "GM"]
[WhiteElo "2478"]
[BlackElo "2598"]
[WhiteTeam "Amsterdam Mosquitoes"]
[BlackTeam "Berlin Bears"]
[WhiteFideId "1019716"]
[BlackFideId "4663527"]
[EventDate "2019.01.08"]

1. d4 d5 2. Bg5 c6 3. Nc3 h6 4. Bh4 Qb6 5. Rb1 Bf5 6. f3 e6 7. e4 Bh7 8. Bf2 Nd7
9. Bd3 dxe4 10. fxe4 e5 11. Nf3 Qc7 12. Bg3 Bd6 13. O-O Ngf6 14. d5 O-O 15. dxc6
bxc6 16. Kh1 Nc5 17. Qe1 Nh5 18. Nh4 Ne6 19. Nf5 Nd4 20. Ne2 Nxf5 21. exf5 Rfe8
22. Be4 Rab8 23. Nc3 Kh8 24. Qe2 Nxg3+ 25. hxg3 f6 26. a3 Bg8 27. b4 a5 28. b5
cxb5 29. Nxb5 Qc5 30. Nxd6 Qxd6 31. Qd3 Qc5 32. Rfd1 Kh7 33. Kh2 Rec8 34. Rxb8
Rxb8 35. Qd6 Qc8 36. Qe7 Qe8 37. Qxe8 Rxe8 38. Rd7 Rc8 39. Ra7 Rc4 40. Bf3 h5
41. Rxa5 Rxc2 42. Bxh5 Kh6 43. Bg6 Kg5 44. Ra8 Bd5 45. Rh8 Bxg2 46. Rh7 Kg4 47.
Rxg7 Kf3 48. Bh5+ Kf2 49. Rd7 e4 50. a4 e3 51. Re7 Rc1 0-1

[Event "PRO League Group Stage"]
[Site "chess.com INT"]
[Date "2019.02.28"]
[Round "8"]
[White "Mons, Leon"]
[Black "Ducarmon, Quinten"]
[Result "1/2-1/2"]
[WhiteTitle "GM"]
[BlackTitle "IM"]
[WhiteElo "2544"]
[BlackElo "2479"]
[WhiteTeam "Berlin Bears"]
[BlackTeam "Amsterdam Mosquitoes"]
[WhiteFideId "4614950"]
[BlackFideId "1025007"]
[EventDate "2019.01.08"]

1. Nf3 d5 2. e3 Nf6 3. c4 c6 4. Nc3 g6 5. d4 Bg7 6. Be2 O-O 7. O-O a6 8. a4 a5
9. cxd5 Nxd5 10. e4 Nb4 11. Be3 Bg4 12. Qd2 Nd7 13. Rfd1 Rc8 14. Rac1 Qc7 15. h3
Bxf3 16. Bxf3 Qb8 17. Bh6 Rcd8 18. Qg5 e5 19. d5 Nc5 20. Be2 Nb3 21. Rb1 Nd4 22.
Bc4 b5 23. Bf1 cxd5 24. axb5 Ne6 25. Qh4 Bxh6 26. Qxh6 d4 27. Nd5 Nxd5 28. exd5
Nf4 29. Rbc1 Rxd5 30. Bc4 Rd6 31. g3 Nd5 32. Qg5 Re8 33. Re1 Rdd8 34. Re4 Kg7
35. Rh4 Nf6 36. Qh6+ Kg8 37. g4 Rd6 38. g5 Nh5 39. Rxh5 gxh5 40. Bxf7+ Kxf7 41.
Rc7+ Qxc7 42. Qxh7+ Ke6 43. Qxc7 d3 44. Qc4+ Ke7 45. Qc7+ Ke6 46. Qc4+ Ke7 47.
Qc7+ 1/2-1/2

[Event "PRO League Group Stage"]
[Site "chess.com INT"]
[Date "2019.02.28"]
[Round "8"]
[White "Osmanodja, Filiz"]
[Black "Vrolijk, Liam"]
[Result "1-0"]
[WhiteTitle "WIM"]
[BlackTitle "IM"]
[WhiteElo "2318"]
[BlackElo "2433"]
[WhiteTeam "Berlin Bears"]
[BlackTeam "Amsterdam Mosquitoes"]
[WhiteFideId "24633569"]
[BlackFideId "1048333"]
[EventDate "2019.01.08"]

1. e4 e5 2. Nf3 Nc6 3. Bb5 Nf6 4. O-O Nxe4 5. Re1 Nd6 6. a4 Be7 7. Nc3 O-O 8. d4
exd4 9. Nd5 Re8 10. Bf4 Bf8 11. Rxe8 Nxe8 12. Ng5 g6 13. Qf3 d6 14. Nxf7 Qd7 15.
Bc4 Qxf7 16. Ne7+ Bxe7 17. Bxf7+ Kxf7 18. Bxd6+ Bf6 19. Qb3+ Be6 20. Qxb7 Rb8
21. Qxc6 cxd6 22. Re1 Rxb2 23. g3 Ng7 24. Qc7+ Be7 25. a5 a6 26. Qc6 Bf5 27.
Qxa6 Rxc2 28. Qb7 d3 29. Qxe7+ 1-0

[Event "PRO League Group Stage"]
[Site "chess.com INT"]
[Date "2019.02.28"]
[Round "8"]
[White "Meier, Georg"]
[Black "Hammer, Jon Ludvig"]
[Result "1/2-1/2"]
[WhiteTitle "GM"]
[BlackTitle "GM"]
[WhiteElo "2623"]
[BlackElo "2652"]
[WhiteTeam "Baden-Baden Snowballs"]
[BlackTeam "Norway Gnomes"]
[WhiteFideId "4675789"]
[BlackFideId "1503707"]
[EventDate "2019.01.08"]

1. e4 e5 2. Nf3 Nc6 3. Bb5 Nf6 4. O-O Nxe4 5. Re1 Nd6 6. Nxe5 Be7 7. Bf1 Nxe5 8.
Rxe5 O-O 9. Nc3 Ne8 10. Nd5 Bd6 11. Re2 c6 12. Ne3 Bc7 13. Nf5 d5 14. Ne7+ Kh8
15. Nxc8 Qxc8 16. g3 Nf6 17. d3 Ng4 18. d4 Qf5 19. Kg2 Rae8 20. f3 Nf6 21. c3 h5
22. Rxe8 Rxe8 23. Bd3 Qd7 24. Bg5 Nh7 25. Bd2 g6 26. Qf1 Kg7 27. Re1 Nf8 28.
Rxe8 Qxe8 29. Qe2 Qxe2+ 30. Bxe2 Ne6 31. Be3 b5 32. Bd3 f5 33. Bf2 Kf6 34. Kf1
Bd6 35. Bc2 Bc7 36. Ke2 Bd6 37. Kd3 Ng5 38. Ke2 Ne6 39. a4 a6 40. axb5 1/2-1/2

[Event "PRO League Group Stage"]
[Site "chess.com INT"]
[Date "2019.02.28"]
[Round "8"]
[White "Kollars, Dmitrij"]
[Black "Holm, Kristian Stuvik"]
[Result "1-0"]
[WhiteTitle "GM"]
[BlackTitle "IM"]
[WhiteElo "2562"]
[BlackElo "2468"]
[WhiteTeam "Baden-Baden Snowballs"]
[BlackTeam "Norway Gnomes"]
[WhiteFideId "12909572"]
[BlackFideId "1508083"]
[EventDate "2019.01.08"]

1. e4 e5 2. Nf3 Nc6 3. Bc4 Bc5 4. c3 Nf6 5. d4 exd4 6. e5 d5 7. Bb5 Ne4 8. cxd4
Bb6 9. Nc3 O-O 10. Be3 Bg4 11. h3 Bh5 12. Qc2 Ba5 13. Bxc6 bxc6 14. O-O Bxc3 15.
bxc3 Bxf3 16. gxf3 Ng5 17. f4 Nf3+ 18. Kg2 Nh4+ 19. Kh2 f6 20. Qe2 fxe5 21. dxe5
Nf5 22. Bc5 Re8 23. Qg4 Qd7 24. Rab1 Qf7 25. Rb7 Re6 26. Rfb1 Rae8 27. Rb8 h6
28. Rxe8+ Rxe8 29. Bxa7 Kh7 30. Bc5 Ra8 31. a3 Ra4 32. Rb8 Ne7 33. e6 Qf6 34.
Bxe7 Qxe7 35. Qf5+ g6 36. Qf7+ Qxf7 37. exf7 Rxf4 38. f8=Q Rxf8 39. Rxf8 1-0

[Event "PRO League Group Stage"]
[Site "chess.com INT"]
[Date "2019.02.28"]
[Round "8"]
[White "Hauge, Lars Oskar"]
[Black "Diamant, Andre"]
[Result "1-0"]
[WhiteTitle "IM"]
[BlackTitle "GM"]
[WhiteElo "2466"]
[BlackElo "2533"]
[WhiteTeam "Norway Gnomes"]
[BlackTeam "Baden-Baden Snowballs"]
[WhiteFideId "1509276"]
[BlackFideId "2108356"]
[EventDate "2019.01.08"]

1. d4 Nf6 2. Bg5 e6 3. e3 c5 4. Nd2 cxd4 5. exd4 Be7 6. Bd3 Qb6 7. Ngf3 Qxb2 8.
O-O Qb6 9. c4 d6 10. c5 dxc5 11. dxc5 Qc7 12. Rc1 Nbd7 13. Qa4 O-O 14. Qh4 g6
15. Ne4 Qd8 16. Rfd1 Nd5 17. Bc4 f6 18. Bh6 Rf7 19. Rxd5 exd5 20. Bxd5 Ne5 21.
Nc3 Nxf3+ 22. gxf3 Bf8 23. Bxf7+ Kxf7 24. Rd1 Qe7 25. Nd5 Qe5 26. Bxf8 Kxf8 27.
Qh6+ Kg8 28. Nb6 axb6 29. Rd8+ Kf7 30. Qf8+ Ke6 31. Re8+ Kf5 32. Rxe5+ Kxe5 33.
cxb6 g5 34. Qd8 Kf5 35. h3 Kg6 36. a4 h5 37. a5 h4 38. Qg8+ Kf5 39. a6 Kf4 40.
Qc4+ Kxf3 41. a7 g4 42. Qd5+ Kf4 43. Qd6+ Kg5 44. Qb8 1-0

[Event "PRO League Group Stage"]
[Site "chess.com INT"]
[Date "2019.02.28"]
[Round "8"]
[White "Mihajlov, Sebastian"]
[Black "Agrest, Inna"]
[Result "1-0"]
[WhiteTitle "IM"]
[BlackTitle "WIM"]
[WhiteElo "2363"]
[BlackElo "2275"]
[WhiteTeam "Norway Gnomes"]
[BlackTeam "Baden-Baden Snowballs"]
[WhiteFideId "1512110"]
[BlackFideId "1708830"]
[EventDate "2019.01.08"]

1. d4 Nf6 2. c4 g6 3. Nc3 Bg7 4. e4 d6 5. Be2 O-O 6. Be3 e5 7. d5 Ne8 8. h4 f5
9. h5 Qf6 10. hxg6 hxg6 11. Nf3 f4 12. Bd2 Na6 13. Qc2 c6 14. O-O-O Bd7 15. g3
Nb4 16. Qb3 a5 17. a3 Na6 18. gxf4 Nc5 19. Qc2 exf4 20. Rdg1 a4 21. Kb1 Nc7 22.
Rh4 Nb3 23. Rh2 cxd5 24. exd5 Nc5 25. Ka2 Bf5 26. Qd1 Nd3 27. Nh4 b5 28. Nxf5
Qxf5 29. Bg4 Qf6 30. cxb5 Rfb8 31. Qc2 Qd4 32. Bd7 Nxb5 33. Bxb5 Rxb5 34. Nxb5
Qxd5+ 35. Kb1 Qxb5 36. Bb4 Nxb4 37. axb4 Qxb4 38. Rxg6 Qe1+ 39. Ka2 Ra7 40. Qc4+
Kf8 41. Rxd6 Qe7 42. Rc6 Qf7 43. Rc8+ Ke7 44. Qxf7+ Kxf7 45. Rh4 Be5 46. Rh7+
Bg7 47. Rh4 Be5 48. Rc4 Rb7 49. Rh7+ Bg7 50. Rxf4+ Kg8 51. Rh3 Rxb2+ 52. Ka3 Rb1
53. Kxa4 Rb2 54. Rg3 Kh7 55. Rf7 1-0

[Event "PRO League Group Stage"]
[Site "chess.com INT"]
[Date "2019.03.06"]
[Round "9"]
[White "Haydon, David L"]
[Black "Zhigalko, Sergei"]
[Result "1/2-1/2"]
[WhiteTitle "FM"]
[BlackTitle "GM"]
[WhiteElo "2294"]
[BlackElo "2604"]
[WhiteTeam "London Lions"]
[BlackTeam "New York Marshalls"]
[WhiteFideId "415405"]
[BlackFideId "13502956"]
[EventDate "2019.01.08"]

1. d4 Nf6 2. c4 e6 3. Nf3 b6 4. g3 Ba6 5. Qc2 Bb4+ 6. Bd2 Be7 7. Bg2 O-O 8. Ne5
c6 9. Nc3 d5 10. cxd5 cxd5 11. O-O Nfd7 12. Nxd7 Qxd7 13. Rfd1 Nc6 14. Qa4 Bb7
15. e4 dxe4 16. Bxe4 Rad8 17. d5 Nb4 18. Qxd7 Rxd7 19. dxe6 fxe6 20. Bxb7 Rxb7
21. Bf4 Bc5 22. Ne4 Nd5 23. Bd6 Bxd6 24. Nxd6 Rd7 25. Ne4 Rc7 26. Rac1 Rfc8 27.
Rxc7 Rxc7 28. Ng5 Rc6 29. Nxe6 Rxe6 30. Rxd5 Re2 31. Rd8+ Kf7 32. Rd7+ Kf6 33.
Rxa7 Rxb2 34. a4 Ra2 35. Ra6 Kf7 36. Rxb6 Rxa4 37. h4 h5 38. Kg2 1/2-1/2

[Event "PRO League Group Stage"]
[Site "chess.com INT"]
[Date "2019.03.06"]
[Round "9"]
[White "Horton, Andrew P"]
[Black "Moranda, Wojciech"]
[Result "1/2-1/2"]
[WhiteTitle "IM"]
[BlackTitle "GM"]
[WhiteElo "2388"]
[BlackElo "2593"]
[WhiteTeam "London Lions"]
[BlackTeam "New York Marshalls"]
[WhiteFideId "424269"]
[BlackFideId "1122401"]
[EventDate "2019.01.08"]

1. d4 Nf6 2. Nf3 g6 3. g3 Bg7 4. Bg2 O-O 5. O-O d6 6. c4 c6 7. Nc3 Qa5 8. h3 e5
9. e4 Nbd7 10. Re1 exd4 11. Nxd4 Ne5 12. Bf1 Be6 13. Nxe6 fxe6 14. f4 Nxc4 15.
Bxc4 Qc5+ 16. Kg2 Qxc4 17. Qxd6 Rad8 18. Qa3 e5 19. Qb3 Qxb3 20. axb3 exf4 21.
gxf4 a6 22. e5 Nd5 23. Nxd5 Rxd5 24. Ra4 Kf7 25. Rb4 b5 26. Rbe4 Ke6 27. Be3 Rd3
28. b4 Rc8 29. Rd4 Rd8 30. Rxd8 Rxd8 31. Rc1 Rc8 32. Kf3 g5 33. Ke4 gxf4 34.
Bxf4 Bf8 35. Bd2 Be7 36. Be1 c5 37. bxc5 Rxc5 38. Rxc5 Bxc5 39. b3 h5 40. Ba5
Ba7 41. Bc7 Bc5 42. Ba5 Ba3 43. Bb6 Bb4 44. Bc7 Be1 45. Bb6 a5 46. Bd4 a4 47.
bxa4 bxa4 48. Ba1 a3 49. Bd4 Bd2 50. Kd3 Bc1 51. Kc2 Bf4 52. Bc5 a2 53. Kb2 Kd5
54. Be7 Bxe5+ 55. Kxa2 Ke4 56. Kb1 Kf3 57. Kc2 Kg2 58. Kd3 Kxh3 59. Ke4 Bf4 60.
Kxf4 Kg2 61. Kg5 1/2-1/2

[Event "PRO League Group Stage"]
[Site "chess.com INT"]
[Date "2019.03.06"]
[Round "9"]
[White "Samadashvili, Martha"]
[Black "Edouard, Romain"]
[Result "0-1"]
[WhiteTitle "WFM"]
[BlackTitle "GM"]
[WhiteElo "2106"]
[BlackElo "2643"]
[WhiteTeam "New York Marshalls"]
[BlackTeam "London Lions"]
[WhiteFideId "2097478"]
[BlackFideId "633429"]
[EventDate "2019.01.08"]

1. e4 c5 2. Nf3 d6 3. Bb5+ Nd7 4. d4 cxd4 5. Qxd4 a6 6. Bxd7+ Qxd7 7. O-O e5 8.
Qd3 f5 9. Nc3 Nf6 10. Bg5 Be7 11. exf5 Qc6 12. Bxf6 gxf6 13. Nd2 b5 14. Qd5 Bb7
15. Qxc6+ Bxc6 16. f3 d5 17. Rad1 Bc5+ 18. Kh1 O-O-O 19. Rfe1 h5 20. a3 h4 21.
h3 Rh5 22. Nf1 Rd7 23. Re2 Rxf5 24. Red2 d4 25. Ne4 Bf8 26. Nh2 Rf4 27. Re2 f5
28. Nf6 Bd6 29. Nxd7 Kxd7 30. c3 dxc3 31. bxc3 Ke6 32. Red2 Bxa3 33. Ra1 Ra4 34.
Nf1 Bc5 35. Rad1 Rc4 36. Ra2 Ra4 37. Rad2 Ra3 38. Rc2 e4 39. fxe4 Bxe4 40. Rcc1
b4 41. Nd2 bxc3 42. Nxe4 fxe4 43. Rc2 a5 44. Rdc1 Bd4 45. Rd1 Ke5 46. Rdc1 a4
47. g3 Rb3 48. Ra2 a3 49. Kg2 Rb2+ 50. Rc2 e3 51. Kf3 hxg3 52. h4 g2 53. Rxg2
Kd5 54. h5 Kc4 55. h6 Rxa2 56. Rxa2 Kb3 57. Ra1 c2 0-1